000 nam a22 7a 4500
999 _c329270
_d329270
003 Nust
005 20170502124604.0
008 170502b xxu||||| |||| 00| 0 eng d
040 _cDLC
082 _a923.4 CHU
100 _aچغتائی،محمد اکرام
245 _aبابا فریدالدین مسعود گنج شکر
260 _aLahore :
_bSang e meel Publisher,
300 _a872p. :
942 _2ddc
_cBK